000 00397 a2200145 4500
005 20250621081645.0
020 _a0-675-21062-3
082 _aLM 621.381 FLO
100 _aFLOYD, T. L.
245 _aPrinciples of Electric Circuits
250 _a3rd Ed.
260 _aNew York,
_bMacmillan Publishing Company,
_c1989.
300 _axx,955p.: ill.; figures & photo.
_bIndex
_c25cm.
942 _2ddc
_cBKS
999 _c3347
_d3347